| 000 | 00628nam a22001817a 4500 | ||
|---|---|---|---|
| 003 | CEME | ||
| 005 | 20210628202725.0 | ||
| 008 | 210203b xxu||||| |||| 00| 0 eng d | ||
| 020 | _a0-07-137029-3 | ||
| 040 | _c. | ||
| 082 | _a697 KJE | ||
| 100 |
_aKjelgaard, Michael J _961252 |
||
| 245 | _aEngineering weather data | ||
| 260 |
_aNEW YORK _bMCGRAW HILL _c2001 |
||
| 300 | _aXV,799P | ||
| 650 |
_aHEATING CLIMATIC FACTORS, AIR CONDITIONING CLIMATE FACTORS, CLIMATIC NORMALS, TEMPERATURE NORMALS, DEGREE DAYS.BIN DATA.VENTILATION ENERGY CONSUMPTION.ASHRAE DESIGN CONDITIONS.HEAT RECOVERY SAVINGS . _961253 |
||
| 942 |
_cBK _2ddc |
||
| 999 |
_c570768 _d570768 |
||